Представление документа в формате RUSMARC

ПолеНазваниеЗначение
  Тип записи a
  Библиографический уровень m
001 Контрольный номер RU/CBS_UL/BASE/5422e6ae69174189910f3a298d368bb4
005 Дата корректировки 20260127100038.1
010 Индекс ISBN __
d Цена 7 р. 68 к.
9 Тираж экз.
100 Данные общей обработки __
a Данные общей обработки 20140529d2014 ||| 0rusy0189 ca
101 Язык документа 0_
a Язык текста rus
102 Страна публикации __
a Страна публикации RU
105 Кодированные данные (монография) __
a Кодированные данные (монография) y###||||000|y
200 Заглавие и сведения об ответственности 1_
a Заглавие Дорожная азбука велосипедиста
b Общее обозначение материала Текст
f Первые сведения об ответственности А. Л. Рыбин
e Сведения, относящиеся к заглавию книга для учащихся
210 Выходные данные 1_
a Место издания Москва
c Издательство Просвещение
d Дата издания 1992
215 Физическое описание __
a Объем 63 с.
d Формат см.
c Иллюстрации/тип воспроизводства ил.
300 Общие примечания __
a Общие примечания 16+
300 Общие примечания __
a Общие примечания Под инв. номером 41268: 25-1, 26-1, 27-1, 28-1
606 Тематические рубрики 0_
a Основная рубрика Велосипеды - Безопасность движения
610 Ключевые слова 0_
a Ключевые слова велосипедисты; безопасность дорожного движения; правила дорожного движения
686 Индексы других классификаций __
a Классификационный индекс 75.721
2 Код системы ББК
700 Автор _1
a Фамилия Рыбин
b Имя (инициалы) А. Л.
g Полное личное имя Анатолий Леонидович
801 Источник записи _0
a Страна RU
b Организация МБУК ЦБС г. Ульяновска
c Дата составления 20140529
g Правила каталогизации RCR
801 Источник записи _1
a Страна RU
b Организация МБУК ЦБС г. Ульяновска
c Дата составления 20140529
g Правила каталогизации RCR
852 Данные о местонахождении __
i Авторский знак Р 93
j Шифр хранения 75.7
901 Тип документа __
t Тип документа m